[Event "CZE-chT1W 2122"]
[Site "Czech Republic"]
[Date "2022.02.06"]
[Round "8.1"]
[White "Vasek, Jan"]
[Black "Bostl, Frantisek"]
[Result "1-0"]
[WhiteElo "2165"]
[BlackElo "2117"]
[PlyCount "73"]
[EventDate "2021.10.10"]
[EventType "team-tourn"]
[EventRounds "11"]
[EventCountry "CZE"]
[SourceTitle "EXT 2023"]
[Source "ChessBase"]
[SourceDate "2022.10.05"]
[SourceVersion "1"]
[SourceVersionDate "2022.10.05"]
[SourceQuality "1"]
[WhiteTeam "Pankrac"]
[BlackTeam "Ceske Budejovice"]
[WhiteTeamCountry "CZE"]
[BlackTeamCountry "CZE"]

1. e4 c6 2. d4 d5 3. exd5 cxd5 4. Bd3 Nc6 5. c3 Nf6 6. h3 g6 7. Nf3 Bg7 8. Bf4 0-0 9. Nbd2 Re8 10. 0-0 Nh5 11. Bh2 e5 12. dxe5 Nxe5 13. Nxe5 Bxe5 14. Bxe5 Rxe5 15. Nf3 Re7 16. Qd2 Bd7 17. Bc2 Qb6 18. Bb3 Rae8 19. Rfe1 Rxe1+ 20. Rxe1 Rxe1+ 21. Qxe1 Qe6 22. Qd2 Bc6 23. Nd4 Qe5 24. Qe2 Qg5 25. Kh2 Nf6 26. g3 Ne4 27. Bc2 Nd6 28. f4 Qf6 29. Bd3 Ne4 30. Qe3 a6 31. Kg2 Qd6 32. Kf3 f5 33. Ke2 Kf7 34. Kd1 Qc5 35. g4 Qe7 36. Kc2 Bd7 37. Nf3 1-0

[Event "CZE-chT1W 1920"]
[Site "Czech Republic"]
[Date "2020.02.16"]
[Round "8.5"]
[White "Brejnik, Gustav"]
[Black "Bostl, Frantisek"]
[Result "1-0"]
[WhiteElo "2210"]
[BlackElo "2126"]
[PlyCount "71"]
[EventDate "2019.10.20"]
[EventType "team-tourn"]
[EventRounds "11"]
[EventCountry "CZE"]
[SourceTitle "CBM 195 Extra"]
[Source "ChessBase"]
[SourceDate "2020.05.31"]
[SourceVersion "1"]
[SourceVersionDate "2020.05.31"]
[SourceQuality "1"]
[WhiteTeam "Unichess"]
[BlackTeam "Ceske Budejovice"]
[WhiteTeamCountry "CZE"]
[BlackTeamCountry "CZE"]

1. d4 Nf6 2. c4 g6 3. g3 Bg7 4. Bg2 0-0 5. Nc3 d6 6. Nf3 Nbd7 7. 0-0 e5 8. e4 Re8 9. h3 exd4 10. Nxd4 Nc5 11. Re1 Ne6 12. Be3 Nxd4 13. Bxd4 Bd7 14. Qc2 a5 15. Rad1 Bc6 16. Kh2 Nd7 17. Bxg7 Kxg7 18. f4 Qf6 19. Nd5 Bxd5 20. cxd5 Rac8 21. b3 Re7 22. Bf1 c6 23. Bg2 c5 24. Bf1 Nb6 25. Qd2 Ra8 26. a4 h5 27. Bb5 Nd7 28. e5 dxe5 29. d6 exf4 30. dxe7 fxg3+ 31. Kxg3 Ne5 32. Qe3 h4+ 33. Kg2 Nc6 34. Bxc6 Qxc6+ 35. Qe4 Re8 36. Qxc6 1-0

[Event "CZE-chT1W 1516"]
[Site "Czech Republic"]
[Date "2016.01.17"]
[Round "6.7"]
[White "Bostl, Frantisek"]
[Black "Pychova, Nela"]
[Result "1/2-1/2"]
[WhiteElo "2199"]
[BlackElo "2137"]
[PlyCount "78"]
[EventDate "2015.10.11"]
[EventType "team-tourn"]
[EventRounds "11"]
[EventCountry "CZE"]
[SourceTitle "CBM 170 Extra"]
[Source "ChessBase"]
[SourceDate "2016.02.25"]
[SourceVersion "1"]
[SourceVersionDate "2016.02.25"]
[SourceQuality "1"]
[WhiteTeam "Ceske Budejovice"]
[BlackTeam "Vlasim"]
[WhiteTeamCountry "CZE"]
[BlackTeamCountry "CZE"]

1. d4 Nf6 2. Bg5 d5 3. Nd2 Nbd7 4. e3 c6 5. c3 Qc7 6. Ngf3 e6 7. Bd3 Bd6 8. 0-0 h6 9. Bh4 0-0 10. e4 dxe4 11. Bxe4 Nxe4 12. Nxe4 b6 13. Nxd6 Qxd6 14. Bg3 Qe7 15. Re1 Bb7 16. Qb3 Qd8 17. Rad1 Qc8 18. c4 c5 19. d5 exd5 20. cxd5 c4 21. Qc3 Nf6 22. d6 Ne4 23. Qe5 Nxg3 24. Qxg3 Bxf3 25. d7 Qa6 26. gxf3 Qb7 27. Rd4 Rad8 28. Red1 f6 29. Kg2 Rf7 30. Qd6 Rdxd7 31. Qxd7 Rxd7 32. Rxd7 Qa6 33. Re7 Qa5 34. h4 Qf5 35. Rdd7 Qg6+ 36. Kf1 Qb1+ 37. Kg2 Qg6+ 38. Kf1 Qb1+ 39. Kg2 Qg6+ 1/2-1/2

[Event "CZE-chT1W 1415"]
[Site "Czech Republic"]
[Date "2015.02.01"]
[Round "7.7"]
[White "Safarik, Jakub"]
[Black "Bostl, Frantisek"]
[Result "0-1"]
[WhiteElo "2104"]
[BlackElo "2205"]
[PlyCount "34"]
[EventDate "2014.10.19"]
[EventType "team-tourn"]
[EventRounds "11"]
[EventCountry "CZE"]
[SourceTitle "EXT 2016"]
[Source "ChessBase"]
[SourceDate "2015.10.08"]
[SourceVersion "1"]
[SourceVersionDate "2015.10.08"]
[SourceQuality "1"]
[WhiteTeam "Hradec Kralove"]
[BlackTeam "Ceske Budejovice"]
[WhiteTeamCountry "CZE"]
[BlackTeamCountry "CZE"]

1. Nf3 c5 2. e4 Nc6 3. d4 cxd4 4. Nxd4 a6 5. Nc3 e6 6. Be3 Nf6 7. Bd3 Bb4 8. 0-0 Bxc3 9. bxc3 Qa5 10. c4 d6 11. c5 Nxd4 12. Bxd4 e5 13. cxd6 exd4 14. e5 Ng4 15. h3 Nxe5 16. Re1 0-0 17. Qh5 f5 0-1

[Event "Pula op 28th"]
[Site "Pula"]
[Date "2014.06.13"]
[Round "8"]
[White "Yrjola, Jouni"]
[Black "Bostl, Frantisek"]
[Result "1-0"]
[WhiteElo "2366"]
[BlackElo "2198"]
[PlyCount "57"]
[EventDate "2014.06.07"]
[EventType "swiss"]
[EventRounds "9"]
[EventCountry "CRO"]
[SourceTitle "CBM 160 Extra"]
[Source "ChessBase"]
[SourceDate "2014.07.01"]
[SourceVersion "1"]
[SourceVersionDate "2014.07.01"]
[SourceQuality "1"]

1. d4 Nf6 2. c4 g6 3. Nc3 d5 4. Nf3 Bg7 5. Qb3 c6 6. cxd5 cxd5 7. Bg5 e6 8. e3 0-0 9. Bd3 Nc6 10. 0-0 Qa5 11. a3 Nh5 12. Qd1 f6 13. Bh4 e5 14. dxe5 fxe5 15. b4 Qc7 16. Nxd5 Qd6 17. Be4 Kh8 18. b5 Na5 19. Be7 Qd7 20. Bxf8 Bxf8 21. Qa4 Qd8 22. Rfd1 Be6 23. Nf4 Qxd1+ 24. Rxd1 Bb3 25. Qxa5 Bxd1 26. Nxh5 gxh5 27. Qc7 Bg7 28. Nxe5 Bb3 29. f4 1-0

[Event "CZE-chT1W 1314"]
[Site "Czech Republic"]
[Date "2014.01.26"]
[Round "6.8"]
[White "Bostl, Frantisek"]
[Black "Smid, Miroslav"]
[Result "0-1"]
[WhiteElo "2204"]
[BlackElo "2131"]
[PlyCount "98"]
[EventDate "2013.10.20"]
[EventType "team-tourn"]
[EventRounds "11"]
[EventCountry "CZE"]
[SourceTitle "EXT 2015"]
[Source "ChessBase"]
[SourceDate "2014.11.20"]
[SourceVersion "1"]
[SourceVersionDate "2014.11.20"]
[SourceQuality "1"]
[WhiteTeam "Ceske Budejovice"]
[BlackTeam "Praha Bohemians"]
[WhiteTeamCountry "CZE"]
[BlackTeamCountry "CZE"]

1. d4 d5 2. Nf3 Nf6 3. Bf4 g6 4. e3 Bg7 5. Bd3 c5 6. c3 Nc6 7. 0-0 Nh5 8. Bg5 h6 9. Bh4 g5 10. Ne5 Nxe5 11. dxe5 gxh4 12. Qxh5 e6 13. Bb5+ Bd7 14. Bxd7+ Qxd7 15. Nd2 0-0-0 16. Nf3 Qc7 17. Rfe1 Kb8 18. b4 h3 19. Qxh3 Bxe5 20. Nxe5 Qxe5 21. Rac1 Rc8 22. b5 h5 23. c4 Rcd8 24. cxd5 Rxd5 25. Qf3 f6 26. a4 Rhd8 27. a5 b6 28. a6 Qf5 29. Qg3+ Qe5 30. f4 Qe4 31. Qg7 Rd2 32. Rc4 Qd5 33. e4 Qd7 34. Qxf6 Rg8 35. Qe5+ Ka8 36. Kh1 Rdxg2 37. f5 Re2 38. Rcc1 Qd3 39. Rf1 exf5 40. Qd5+ Qxd5 41. exd5 Re5 42. Rcd1 Kb8 43. d6 Kc8 44. Rg1 Rxg1+ 45. Rxg1 c4 46. Rg7 Rc5 47. Rxa7 c3 48. Ra8+ Kd7 49. a7 c2 0-1

[Event "CZE-chT1W 1314"]
[Site "Czech Republic"]
[Date "2013.11.10"]
[Round "2.6"]
[White "Hollan, Petr"]
[Black "Bostl, Frantisek"]
[Result "0-1"]
[WhiteElo "1951"]
[BlackElo "2204"]
[PlyCount "116"]
[EventDate "2013.10.20"]
[EventType "team-tourn"]
[EventRounds "11"]
[EventCountry "CZE"]
[SourceTitle "EXT 2015"]
[Source "ChessBase"]
[SourceDate "2014.11.20"]
[SourceVersion "1"]
[SourceVersionDate "2014.11.20"]
[SourceQuality "1"]
[WhiteTeam "Praha Oaza"]
[BlackTeam "Ceske Budejovice"]
[WhiteTeamCountry "CZE"]
[BlackTeamCountry "CZE"]

1. d4 Nf6 2. e3 d5 3. Bd3 g6 4. Nf3 Bg7 5. Nbd2 0-0 6. 0-0 Nc6 7. a3 e5 8. Nxe5 Nxe5 9. dxe5 Ng4 10. Nf3 c5 11. h3 Nxe5 12. Nxe5 Bxe5 13. c4 d4 14. e4 Bg7 15. f4 Qh4 16. Qf3 Bd7 17. b4 Rae8 18. Bd2 b6 19. b5 Bc8 20. e5 f6 21. exf6 Qxf6 22. Rae1 Bh6 23. Qd5+ Kh8 24. Qf3 Qf7 25. Rxe8 Rxe8 26. g4 Bb7 27. Qf2 Ba8 28. Kh2 Rf8 29. Qg3 Qc7 30. g5 Bg7 31. Re1 Qf7 32. Qf2 Re8 33. Kg3 Bf8 34. Rxe8 Qxe8 35. h4 Bd6 36. Qf1 Kg7 37. a4 Bb7 38. Kh2 Bc8 39. Qf3 Qd7 40. Bf1 Qf7 41. Bd3 h6 42. gxh6+ Kxh6 43. Qg3 Bf5 44. Bf1 Be7 45. a5 Qe6 46. axb6 axb6 47. Bd3 Kh5 48. Qf3+ Bg4 49. Qa8 Qf6 50. Kg2 Kxh4 51. Qd5 Qe6 52. Qa8 Bh5 53. Kf2 Qh3 54. Be1 Qxd3 55. Qh1+ Kg4 56. Qg2+ Kxf4 57. Qh2+ Kf5 58. Qc7 Qe2+ 0-1

[Event "Tabor op"]
[Site "Tabor"]
[Date "2012.08.02"]
[Round "6"]
[White "Bostl, Frantisek"]
[Black "Kraus, Ondrej"]
[Result "1-0"]
[WhiteElo "2206"]
[BlackElo "2028"]
[PlyCount "53"]
[EventDate "2012.07.29"]
[EventType "swiss"]
[EventRounds "9"]
[EventCountry "CZE"]
[SourceTitle "EXT 2013"]
[Source "ChessBase"]
[SourceDate "2012.11.22"]
[SourceVersion "1"]
[SourceVersionDate "2012.11.22"]
[SourceQuality "1"]

1. d4 Nf6 2. Nc3 d5 3. Bg5 c5 4. Bxf6 gxf6 5. Nf3 Nc6 6. e3 Bg4 7. Bb5 e6 8. h3 Bh5 9. 0-0 Bd6 10. e4 a6 11. Bxc6+ bxc6 12. dxc5 Bxc5 13. Qd3 0-0 14. Rad1 Qb8 15. Na4 Ba7 16. Rde1 Qb4 17. b3 Bg6 18. Nd2 f5 19. exd5 cxd5 20. c3 Qa3 21. Qe2 f4 22. Nf3 Be4 23. Ne5 Qd6 24. Qg4+ Kh8 25. Qxf4 Qe7 26. Nc6 e5 27. Qxe4 1-0

[Event "CZE-chT1W 1011"]
[Site "Czech Republic"]
[Date "2011.02.27"]
[Round "9.7"]
[White "Vokoun, Jan"]
[Black "Bostl, Frantisek"]
[Result "1-0"]
[WhiteElo "2197"]
[BlackElo "2205"]
[PlyCount "59"]
[EventDate "2010.10.10"]
[EventType "team-tourn"]
[EventRounds "11"]
[EventCountry "CZE"]
[SourceTitle "EXT 2012"]
[Source "ChessBase"]
[SourceDate "2011.11.24"]
[SourceVersion "1"]
[SourceVersionDate "2011.11.24"]
[SourceQuality "1"]
[WhiteTeam "Pankrac"]
[BlackTeam "Ceske Budejovice"]
[WhiteTeamCountry "CZE"]
[BlackTeamCountry "CZE"]

1. d4 d5 2. Nc3 Bf5 3. f3 Nf6 4. Bg5 Nbd7 5. Qd2 c6 6. e3 Qc7 7. Nge2 e5 8. dxe5 Qxe5 9. Bf4 Qe7 10. Ng3 Bg6 11. 0-0-0 0-0-0 12. h4 h6 13. h5 Bh7 14. Bd3 Bxd3 15. Qxd3 Qe6 16. Nce2 c5 17. Qa3 a6 18. Rhe1 g5 19. hxg6 fxg6 20. Qa5 Qb6 21. Qxb6 Nxb6 22. Be5 Bg7 23. Nf4 Rhe8 24. Nxg6 Re6 25. Nf5 Rd7 26. Bc3 Na4 27. Nxg7 Rxg7 28. Nf4 Rd6 29. Bxf6 Rxf6 30. Nh5 1-0

[Event "CZE-chT1W 0910"]
[Site "Czech Republic"]
[Date "2010.01.10"]
[Round "6.6"]
[White "Oresky, Jan"]
[Black "Bostl, Frantisek"]
[Result "1/2-1/2"]
[WhiteElo "2133"]
[BlackElo "2188"]
[PlyCount "78"]
[EventDate "2009.10.11"]
[EventType "team-tourn"]
[EventRounds "11"]
[EventCountry "CZE"]
[SourceTitle "EXT 2011"]
[Source "ChessBase"]
[SourceDate "2010.11.26"]
[SourceVersion "1"]
[SourceVersionDate "2010.11.26"]
[SourceQuality "1"]
[WhiteTeam "Novoborsky II"]
[BlackTeam "Ceske Budejovice"]
[WhiteTeamCountry "CZE"]
[BlackTeamCountry "CZE"]

1. e4 c5 2. Nf3 Nc6 3. d4 cxd4 4. Nxd4 Nf6 5. Nc3 e6 6. Ndb5 Bb4 7. a3 Bxc3+ 8. Nxc3 0-0 9. Bg5 h6 10. Bh4 Ne5 11. Bg3 Ng6 12. Bd6 Ne7 13. Qd2 Re8 14. 0-0-0 a6 15. g4 Qb6 16. f3 Ned5 17. Nxd5 Nxd5 18. Bg3 Ne3 19. Bf2 Nxf1 20. Rdxf1 Qc6 21. h4 e5 22. g5 h5 23. Rd1 b5 24. Qd5 Re6 25. Qxc6 Rxc6 26. Rd5 f6 27. Rg1 Kf7 28. g6+ Ke7 29. f4 d6 30. fxe5 fxe5 31. Be3 Be6 32. Bg5+ Kd7 33. Rdd1 Rf8 34. Rdf1 Rcc8 35. b3 Bh3 36. Rxf8 Rxf8 37. Re1 Ke6 38. Kd2 Rf3 39. Re3 Rxe3 1/2-1/2

[Event "CZE-chT2A 0809"]
[Site "Czech Republic"]
[Date "2009.02.08"]
[Round "8.1"]
[White "Hinks Edwards, Thomas RJ"]
[Black "Bostl, Frantisek"]
[Result "1-0"]
[WhiteElo "2377"]
[BlackElo "2200"]
[PlyCount "67"]
[EventDate "2008.10.12"]
[EventType "tourn"]
[EventRounds "11"]
[EventCountry "CZE"]
[SourceTitle "EXT 2010"]
[Source "ChessBase"]
[SourceDate "2010.11.25"]
[SourceVersion "1"]
[SourceVersionDate "2010.11.25"]
[SourceQuality "1"]
[WhiteTeam "Kobylisy"]
[BlackTeam "Ceske Budejovice II"]
[WhiteTeamCountry "CZE"]
[BlackTeamCountry "CZE"]

1. e4 c5 2. Nf3 Nc6 3. Bb5 g6 4. Bxc6 dxc6 5. d3 Bg7 6. h3 Qc7 7. Nc3 Nf6 8. Be3 b6 9. Qd2 0-0 10. Bf4 Qb7 11. Bh6 Re8 12. Bxg7 Kxg7 13. Ne5 Qc7 14. f4 g5 15. g4 Ng8 16. Ne2 gxf4 17. Nf3 e5 18. Qc3 f6 19. 0-0-0 Kf7 20. g5 h6 21. gxf6 Nxf6 22. Qe1 Be6 23. Qh4 Rh8 24. Rhg1 Rh7 25. Rg2 Rah8 26. Rdg1 Bc8 27. Rg6 Qe7 28. Nxf4 exf4 29. Qxf4 Kf8 30. Rxf6+ Rf7 31. Rgg6 Rxf6 32. Rxf6+ Ke8 33. Rxc6 Bxh3 34. Qb8+ 1-0

[Event "CZE-chT2A 0809"]
[Site "Czech Republic"]
[Date "2008.12.21"]
[Round "5.1"]
[White "Bostl, Frantisek"]
[Black "Schula, Michal"]
[Result "1/2-1/2"]
[WhiteElo "2200"]
[BlackElo "2312"]
[PlyCount "100"]
[EventDate "2008.10.12"]
[EventType "tourn"]
[EventRounds "11"]
[EventCountry "CZE"]
[SourceTitle "EXT 2010"]
[Source "ChessBase"]
[SourceDate "2010.11.25"]
[SourceVersion "1"]
[SourceVersionDate "2010.11.25"]
[SourceQuality "1"]
[WhiteTeam "Ceske Budejovice II"]
[BlackTeam "Praha Pankrac II"]
[WhiteTeamCountry "CZE"]
[BlackTeamCountry "CZE"]

1. d4 f5 2. c4 Nf6 3. Nc3 d6 4. f3 Nc6 5. d5 Ne5 6. e4 e6 7. exf5 exf5 8. Be2 Be7 9. Nh3 0-0 10. 0-0 Qe8 11. Re1 h6 12. Nb5 Bd8 13. Bd3 Qf7 14. Nd4 Nxd3 15. Qxd3 Nd7 16. Qc2 Ne5 17. Nf4 Re8 18. Nfe6 Bxe6 19. Nxe6 c6 20. Be3 Rc8 21. Qb3 Ba5 22. Rec1 c5 23. Rc2 a6 24. a4 Bb4 25. Bd2 a5 26. Qe3 Re7 27. Bxb4 axb4 28. b3 Qf6 29. Re1 Rce8 30. Rce2 Nf7 31. Qd3 g6 32. f4 Kh8 33. Qf3 g5 34. fxg5 Nxg5 35. Nxg5 Rxe2 36. Rxe2 Rxe2 37. Qxe2 hxg5 38. h3 Kg7 39. Qe3 f4 40. Qe4 Qa1+ 41. Kh2 Qf6 42. Kg1 Kh6 43. Kh2 b6 44. Qe2 Kg7 45. Qe4 Kh6 46. Qe2 Kg6 47. Qe4+ Kg7 48. Qe2 Kh6 49. Kg1 Qd4+ 50. Kh2 Qf6 1/2-1/2

[Event "CZE-chT2A 0809"]
[Site "Czech Republic"]
[Date "2008.10.12"]
[Round "1.1"]
[White "Cuhra, Martin"]
[Black "Bostl, Frantisek"]
[Result "1/2-1/2"]
[WhiteElo "2143"]
[BlackElo "2200"]
[PlyCount "38"]
[EventDate "2008.10.12"]
[EventType "tourn"]
[EventRounds "11"]
[EventCountry "CZE"]
[SourceTitle "EXT 2010"]
[Source "ChessBase"]
[SourceDate "2010.11.25"]
[SourceVersion "1"]
[SourceVersionDate "2010.11.25"]
[SourceQuality "1"]
[WhiteTeam "Ceske Budejovice"]
[BlackTeam "Ceske Budejovice II"]
[WhiteTeamCountry "CZE"]
[BlackTeamCountry "CZE"]

1. c4 e6 2. Nf3 Nf6 3. g3 b6 4. Bg2 Bb7 5. 0-0 Be7 6. b3 0-0 7. Bb2 d5 8. cxd5 exd5 9. d4 Nbd7 10. Nbd2 Re8 11. Ne5 c5 12. e3 Bf8 13. Re1 a5 14. Nxd7 Nxd7 15. e4 cxd4 16. Bxd4 Bc5 17. Bxc5 Nxc5 18. exd5 Rxe1+ 19. Qxe1 Bxd5 1/2-1/2

[Event "CZE-chT2a 0607"]
[Site "Czech Republic"]
[Date "2006.12.03"]
[Round "4.4"]
[White "Pekarek, Petr"]
[Black "Bostl, Frantisek"]
[Result "0-1"]
[WhiteElo "2151"]
[BlackElo "2183"]
[PlyCount "48"]
[EventDate "2006.10.15"]
[EventType "team-tourn"]
[EventRounds "11"]
[EventCountry "CZE"]
[SourceTitle "EXT 2009"]
[Source "ChessBase"]
[SourceDate "2008.11.26"]
[SourceVersion "1"]
[SourceVersionDate "2008.11.26"]
[SourceQuality "1"]
[WhiteTeam "Tabor"]
[BlackTeam "Ceske Budejovice"]
[WhiteTeamCountry "CZE"]
[BlackTeamCountry "CZE"]

1. e4 c5 2. Nc3 e6 3. f4 Nc6 4. Nf3 Nge7 5. Bb5 Nd4 6. d3 Qa5 7. Ba4 b5 8. Bb3 Nxb3 9. cxb3 d5 10. 0-0 Bb7 11. Qe2 b4 12. Na4 dxe4 13. Ne5 exd3 14. Qxd3 Rd8 15. Qh3 Nf5 16. g4 Nd4 17. f5 c4 18. Nxf7 Kxf7 19. fxe6+ Ke8 20. Be3 Qd5 21. bxc4 Qe4 22. Rae1 Be7 23. Rf7 Qh1+ 24. Kf2 Bh4+ 0-1